000 01076nam a2200265Ia 4500
003 OSt
005 20220923211545.0
006 a|||||r|||| 00| 0
007 ta
008 220922b |||||||| |||| 00| 0 hin d
020 _a9789383931750 (hbk)
_c1295
024 _a354,708
037 _b1119, 29/12/2021, Kiran Book Service
_cTextual
040 _aARTS
_cARTS
_bhin
041 _2hin
_ahin
082 _aX:7(Y5926), 152R1
100 _aमेश्राम, अनीता, ले.
245 0 _aअनुसूचित जाति एवं जनजाति का आर्थिक विकास
_b एक अध्ययन
246 _aAnusūchit jāti evan janajāti kā ārthik vikāsa: ek adhyayana
260 _aदिल्ली
_b एकैडमिक पब्लिकेशन
_c2021
300 _a209पृ.
_ccm.
650 _aअर्थशास्त्र
942 _hX:7(Y5926), 152R1
_cTEXL
_2CC
999 _c300762
_d300762